000 00641nam a22001697a 4500
999 _c13844
_d13844
008 190425b ||||| |||| 00| 0 eng d
082 _22016
_aUT 1217
_bB21
100 _aBalobar, Rosann.
_938503
245 _aA feasibility study on bangus in corn oil in Digos City /
_cRosann Balobar, Karrine Rose Udo, Mary Glor Villarba, and Elaiza Nicole Viran.
260 _aDigos City:
_bUMDC
_cJanuary 2016.
300 _a58 pages;
_c29 cm.
650 _vAccounting Technology
_xUndergraduate thesis.
_938504
700 _aUdo, Karrine Rose.
_98254
700 _aVillarba, Mary Glor.
_98255
700 _aViran, Elaiza Nicole.
_98256
942 _2ddc
_cUT